| 000 | 00640nam a2200205 a 4500 | ||
|---|---|---|---|
| 005 | 20210223125342.0 | ||
| 008 | 040421s2001 mx r 000 0 spa d | ||
| 020 | _a8466302999 | ||
| 035 | _aUPN01000132989 | ||
| 049 | _aCG | ||
| 050 | 4 |
_aPQ7797 B6.35 _bV3.2 |
|
| 100 | 1 | _aVázquez, María Esther | |
| 245 | 1 | 0 |
_aBorges, sus días y su tiempo / _cMaría Esther Vázquez. |
| 260 |
_aMadrid : _bSuma de Letras, _c2001. |
||
| 300 |
_a436 p. : _bil. |
||
| 440 | 0 |
_aPunto de lectura ; _v164 |
|
| 600 | 1 | 4 |
_aBORGES, JORGE LUIS, _d1899-1986 - _xCRITICA E INTERPRETACION _95546 |
| 650 | 4 |
_aAUTORES ARGENTINOS - _vBIOGRAFIA _93943 |
|
| 905 | _aLibro | ||
| 999 |
_c105142 _d105142 |
||